000 01083nam a22002537a 4500
005 20210325204156.0
008 s2552 tha d
020 _a9789749742914
041 _atha
090 _aT 385.P6 ด211อ 2552
_b 2552
100 0 _aดวงพร เกี๋ยงคำ
245 1 0 _ainsight Photoshop CS4
260 3 _aกรุงเทพฯ :
_bโปรวิชั่น,
_c2552
300 _a603 หน้า :
_b ภาพประกอบ,ตางราง ;
_c 22 ซม.
650 0 4 _aPhotoshop CS (Programming)
650 0 4 _aโฟโตช็อบ ซีเอส (โปรแกรมคอมพิวเตอร์)
650 0 4 _aคอมพิวเตอร์กราฟิก -- โปรแกรมคอมพิวเตอร์
650 0 4 _aอโดบีโฟโตช็อบ
850 _aNALT
942 _cGB
997 _a36613
_kVC
997 _c000000000060159
998 _aนางสาวสุพันดา สุภาพ
999 _c60159
_d60159